| 000 | 00808nam a22001937a 4500 | ||
|---|---|---|---|
| 005 | 20240229172620.0 | ||
| 010 | _aHIN-126999 | ||
| 020 |
_a9789382150404 _c395.00 |
||
| 035 | _aHN-99345 | ||
| 037 | _bDBAD/PUB | ||
| 082 | _a500 | ||
| 100 |
_aसक्सेना,राजीव _962651 |
||
| 245 |
_aसमय और विज्ञान/ _cराजीव सक्सेना |
||
| 260 |
_aदिल्ली _bत्रिवेणी पब्लिकेशन _c2019 |
||
| 270 |
_aआर-2/29 रमेश पार्क गुरुद्वारा रोड लक्ष्मी नगर _b दिल्ली _e110092 |
||
| 300 |
_a152 पृष्ट.; _c23 सेमी (सजिल्द) |
||
| 710 | _962610 | ||
| 942 |
_cHN _2ddc _h500 _mसक्सेना |
||
| 999 |
_c201171 _d201171 |
||